[Event "POP 2005.03"]
[Site "Montreal CAN"]
[Date "2005.??.??"]
[Round "2"]
[White "Kraiouchkine, Nikita"]
[Black "Nantel, Felix"]
[Result "1-0"]
[WhiteElo "1740"]
[BlackElo "1200"]
[PlyCount "93"]
[EventDate "2005.03.05"]
[EventType "swiss"]
[EventRounds "3"]
[EventCountry "CAN"]

1. Nf3 e6 2. g3 d5 3. Bg2 Nf6 4. O-O g6 5. d4 Bg7 6. c4 O-O 7. Nc3 Nc6 8. cxd5
exd5 9. Bg5 h6 10. Bxf6 Bxf6 11. e3 Be6 12. Nd2 Qd7 13. Qb3 b6 14. Nxd5 Bg7 15.
Nxb6 axb6 16. d5 Na5 17. dxe6 Qxd2 18. exf7+ Rxf7 19. Qd1 Rd8 20. Qxd2 Rxd2 21.
Rad1 Rfd7 22. Rxd2 Rxd2 23. Rc1 Rxb2 24. Rxc7 Rxa2 25. Bd5+ Kh7 26. Bxa2 h5 27.
Rc8 Be5 28. Rc1 Nb7 29. Rc6 Nc5 30. Rxb6 Na4 31. Rb7+ Kh6 32. Bg8 Bg7 33. h4
Nc3 34. f3 Ne2+ 35. Kf2 Nc3 36. g4 hxg4 37. fxg4 Ne4+ 38. Kf3 Nc5 39. g5+ Kh5
40. Rxg7 Kxh4 41. Rxg6 Nd3 42. Ke4 Nf2+ 43. Kf5 Nd3 44. Rh6+ Kg3 45. g6 Nc5 46.
g7 Nb7 47. Bd5 1-0

[Event "POP 2005.03"]
[Site "Montreal CAN"]
[Date "2005.??.??"]
[Round "3"]
[White "Kraiouchkine, Nikita"]
[Black "Triclot, Guillaume"]
[Result "0-1"]
[WhiteElo "1740"]
[BlackElo "1700"]
[PlyCount "84"]
[EventDate "2005.03.05"]
[EventType "swiss"]
[EventRounds "3"]
[EventCountry "CAN"]

1. Nf3 Nc6 2. d4 d5 3. g3 Nf6 4. Bg2 g6 5. O-O Bg7 6. Bg5 O-O 7. Nbd2 Ne4 8. c3
Nxg5 9. Nxg5 e5 10. Ngf3 exd4 11. cxd4 Nxd4 12. Nxd4 Bxd4 13. Qb3 c6 14. Rfd1
Qf6 15. Nf3 Bxb2 16. Rab1 Be5 17. Rbc1 Re8 18. Rd2 Re7 19. e3 Bd6 20. Nd4 Be6
21. Rdc2 Bf5 22. Nxf5 Qxf5 23. Rb1 Be5 24. Rc5 Qe6 25. Ra5 b6 26. Ra6 Bd6 27.
Qa4 Bc5 28. Rb3 Qd7 29. Rb1 Rb8 30. e4 d4 31. e5 Rxe5 32. Bxc6 Qf5 33. Rf1 Re2
34. Bb5 d3 35. Qf4 Bxf2+ 36. Rxf2 Rxf2 37. Kxf2 Qc5+ 38. Kf3 Qd5+ 39. Kf2 Rc8
40. Qa4 Rc2+ 41. Ke3 Re2+ 42. Kf4 Qf5# 0-1

[Event "Pere Noel U2000"]
[Site "Montreal CAN"]
[Date "2004.12.26"]
[Round "1"]
[White "Kraiouchkine, Nikita"]
[Black "Vachon, Pierre"]
[Result "0-1"]
[WhiteElo "1717"]
[BlackElo "1916"]
[PlyCount "108"]
[EventDate "2004.12.26"]
[EventType "swiss"]
[EventRounds "5"]
[EventCountry "CAN"]

1. e4 d6 2. d4 Nf6 3. Nc3 g6 4. f3 c6 5. Be3 b5 6. Qd2 Qc7 7. O-O-O Nbd7 8. Bf4
Bg7 9. g4 h6 10. e5 b4 11. Nce2 Nd5 12. exd6 exd6 13. Ng3 Nxf4 14. Qxf4 O-O 15.
Ne4 Qa5 16. Kb1 d5 17. Nd2 Qb6 18. Nb3 a5 19. Ne2 a4 20. Nbc1 c5 21. dxc5 Nxc5
22. Nd3 b3 23. Qb4 bxa2+ 24. Kxa2 Qxb4 25. Nxb4 Rb8 26. c3 f5 27. Bh3 fxg4 28.
Bxg4 Bxg4 29. fxg4 Rf2 30. Nd4 Ne4 31. Ndc2 Rxb4 32. Nxb4 Nxc3+ 33. Ka3 Nxd1
34. Rxd1 Bxb2+ 35. Kxa4 d4 36. Nd3 Rxh2 37. Nxb2 Rxb2 38. Rxd4 Kf7 39. Rd6 Rg2
40. Rd4 Kf6 41. Kb3 Kg5 42. Kc3 Rxg4 43. Rd3 Re4 44. Kd2 h5 45. Rg3+ Kh6 46.
Kd3 Re8 47. Rg2 g5 48. Ra2 g4 49. Ra6+ Kg5 50. Ra7 g3 51. Rf7 h4 52. Rh7 Kg4
53. Ra7 g2 54. Rh7 Kg3 0-1

[Event "Pere Noel U2000"]
[Site "Montreal CAN"]
[Date "2004.12.29"]
[Round "4"]
[White "Deschamps, Jean-Marc"]
[Black "Kraiouchkine, Nikita"]
[Result "0-1"]
[WhiteElo "1876"]
[BlackElo "1717"]
[PlyCount "90"]
[EventDate "2004.12.26"]
[EventType "swiss"]
[EventRounds "5"]
[EventCountry "CAN"]

1. d4 Nf6 2. c4 g6 3. Nc3 d5 4. cxd5 Nxd5 5. e4 Nxc3 6. bxc3 Bg7 7. Nf3 c5 8.
Rb1 O-O 9. Be2 Nc6 10. d5 Ne5 11. Nxe5 Bxe5 12. Qd2 b6 13. f4 Bg7 14. O-O Bb7
15. Bf3 Qd7 16. Bb2 Qa4 17. a3 Rfd8 18. Qd1 Qc4 19. Qe2 Ba6 20. Rfe1 Qxe2 21.
Bxe2 Bxe2 22. Rxe2 c4 23. Kf2 e6 24. dxe6 fxe6 25. e5 Rd3 26. Rbe1 Rad8 27. Re4
Rd2+ 28. R1e2 b5 29. Rd4 R8xd4 30. cxd4 Rd3 31. Re3 Rd2+ 32. Re2 Rxe2+ 33. Kxe2
Bf8 34. Ke3 c3 35. Bc1 a5 36. Kd3 b4 37. Kc4 Kf7 38. g4 h5 39. h3 hxg4 40. hxg4
Be7 41. f5 gxf5 42. gxf5 exf5 43. d5 bxa3 44. Kxc3 a2 45. Kb2 Ba3+ 0-1

[Event "Pere Noel U2000"]
[Site "Montreal CAN"]
[Date "2004.12.30"]
[Round "5"]
[White "Kraiouchkine, Nikita"]
[Black "Robidas, Francois"]
[Result "0-1"]
[WhiteElo "1717"]
[BlackElo "1923"]
[PlyCount "112"]
[EventDate "2004.12.26"]
[EventType "swiss"]
[EventRounds "5"]
[EventCountry "CAN"]

1. e4 Nf6 2. Nc3 d5 3. exd5 Nxd5 4. Bc4 Nb6 5. Bb3 Nc6 6. h3 Bf5 7. Nf3 e6 8.
d3 Be7 9. Be3 Na5 10. Qd2 Bf6 11. Bg5 O-O 12. Bxf6 Qxf6 13. Qg5 Qxg5 14. Nxg5
Nxb3 15. axb3 Nd5 16. Nxd5 exd5 17. O-O-O f6 18. Nf3 a5 19. Rhe1 Rfe8 20. Rxe8+
Rxe8 21. Re1 Rxe1+ 22. Nxe1 c5 23. c3 Kf7 24. Kd2 Ke6 25. Ke3 Kd6 26. d4 b6 27.
Nd3 g5 28. g4 Bg6 29. dxc5+ bxc5 30. Ke2 Bxd3+ 31. Kxd3 Ke5 32. Ke3 d4+ 33.
cxd4+ cxd4+ 34. Kd3 h6 35. b4 axb4 36. Kc4 d3 37. Kxd3 f5 38. gxf5 Kxf5 39. f3
Kf4 40. Kc4 Kxf3 41. Kxb4 h5 42. Kc5 g4 43. hxg4 hxg4 44. b4 g3 45. b5 g2 46.
b6 g1=Q+ 47. Kc6 Qg6+ 48. Kc7 Qf7+ 49. Kc8 Qe8+ 50. Kc7 Ke4 51. b7 Qe7+ 52. Kb6
Qd6+ 53. Ka7 Qc7 54. Ka8 Qa5+ 55. Kb8 Kd5 56. Kc8 Qc5+ 0-1

[Event "Quebec-ch classe C"]
[Site "Montreal CAN"]
[Date "2004.11.14"]
[Round "5"]
[White "Dao, Huy Hao"]
[Black "Kraiouchkine, Nikita"]
[Result "1-0"]
[WhiteElo "1600"]
[BlackElo "1760"]
[PlyCount "123"]
[EventDate "2004.11.12"]
[EventType "swiss"]
[EventRounds "5"]
[EventCountry "CAN"]

1. e4 e5 2. Nf3 Nc6 3. Bb5 a6 4. Ba4 Nf6 5. O-O b5 6. Bb3 Bc5 7. c3 d6 8. h3 h6
9. Re1 O-O 10. d3 Re8 11. Nbd2 d5 12. exd5 Nxd5 13. d4 Bb6 14. Nxe5 Nxe5 15.
dxe5 Be6 16. Ne4 Qd7 17. Bxh6 Qc6 18. Qh5 Ne7 19. Qg5 Nf5 20. Nf6+ Kf8 21.
Bxg7+ Nxg7 22. Qh6 Red8 23. Rad1 Rxd1 24. Rxd1 Bxf2+ 25. Kxf2 Qc5+ 26. Kf1 Qxe5
27. Bxe6 Qxe6 28. Qh8+ Ke7 29. Qxa8 Qxf6+ 30. Qf3 Qb6 31. Qe4+ Ne6 32. Qh4+ Kf8
33. Qh6+ Ke7 34. Qd2 Qc5 35. Qe2 Qf5+ 36. Qf2 Qe4 37. Kg1 Qc4 38. a3 Qe4 39.
Re1 Qd5 40. Qe3 Qd6 41. Qe5 Qb6+ 42. Kh1 Qf2 43. Qe2 Qf4 44. Rf1 Qg5 45. Qf3
Qg6 46. Qf5 Qg7 47. h4 Nd8 48. Qc5+ Kd7 49. Rd1+ Kc8 50. Qf5+ Ne6 51. Rf1 Qh6
52. h5 Kd7 53. Qxf7+ Kd6 54. Rf6 Qc1+ 55. Kh2 Qe3 56. Rxe6+ Qxe6 57. Qxe6+ Kxe6
58. g4 Kf6 59. h6 Kg6 60. g5 c5 61. Kg3 a5 62. Kf3 1-0

[Event "CAN-op"]
[Site "Kapuskasing CAN"]
[Date "2004.07.10"]
[Round "1"]
[White "Romanchuk, Ed"]
[Black "Kraiouchkine, Nikita"]
[Result "0-1"]
[WhiteElo "1957"]
[BlackElo "1599"]
[PlyCount "70"]
[EventDate "2004.07.10"]
[EventType "swiss"]
[EventRounds "10"]
[EventCountry "CAN"]

1. e4 e5 2. Nf3 Nc6 3. Bc4 Nf6 4. Ng5 d5 5. exd5 Nd4 6. c3 b5 7. cxd4 bxc4 8.
dxe5 Qxd5 9. exf6 Qxg5 10. O-O Qxf6 11. Qa4+ Bd7 12. Qxc4 Bc6 13. Re1+ Be7 14.
Qe2 O-O 15. Nc3 Rae8 16. Nd1 Bd6 17. Ne3 Qh4 18. g3 Qe4 19. f3 Qxf3 20. Qxf3
Bxf3 21. d4 Re4 22. Nc2 Rfe8 23. Bd2 Re2 24. Rxe2 Rxe2 25. Re1 Rxd2 26. Re8+
Bf8 27. Nb4 g6 28. d5 Kg7 29. Na6 Bd6 30. Re3 Bxd5 31. Rc3 Rxb2 32. a3 Rb3 33.
Rc2 Rxa3 34. Nxc7 Bxc7 35. Rxc7 Ra2 0-1

[Event "CAN-op"]
[Site "Kapuskasing CAN"]
[Date "2004.07.11"]
[Round "2"]
[White "Kraiouchkine, Nikita"]
[Black "Yuan, Michael"]
[Result "1-0"]
[WhiteElo "1599"]
[BlackElo "2010"]
[PlyCount "99"]
[EventDate "2004.07.10"]
[EventType "swiss"]
[EventRounds "10"]
[EventCountry "CAN"]

1. e4 c5 2. Nf3 d6 3. d4 cxd4 4. Nxd4 Nf6 5. Nc3 a6 6. Bg5 e6 7. Qd2 h6 8. Bxf6
Qxf6 9. O-O-O Nd7 10. f4 Be7 11. h4 h5 12. Be2 Nc5 13. Bf3 Bd7 14. Nb3 Rc8 15.
Nxc5 Rxc5 16. e5 Qf5 17. Be4 Qg4 18. Bf3 Qf5 19. Bxb7 d5 20. Bxa6 O-O 21. Bd3
Qg4 22. Qe3 f5 23. Be2 Qg6 24. Qf3 Qh6 25. g3 g6 26. Rhf1 Ra5 27. a3 Rb8 28.
Na2 Qf8 29. Rd3 Ba4 30. b4 Ra7 31. Rfd1 Bb5 32. Rc3 Bxe2 33. Qxe2 Bxb4 34. Nxb4
Rxb4 35. axb4 Qxb4 36. Rb3 Qa5 37. Qb5 Qa1+ 38. Rb1 Qa3+ 39. Kd2 Ra8 40. Qb6 d4
41. Qxe6+ Kh8 42. Qb3 Qa5+ 43. Qb4 Qd5 44. Kc1 Rd8 45. Rb3 Qg2 46. Rbd3 Rc8 47.
R1d2 Qh1+ 48. Kb2 Ra8 49. Rd1 Qd5 50. Qb3 1-0

[Event "CAN-op"]
[Site "Kapuskasing CAN"]
[Date "2004.07.12"]
[Round "4"]
[White "Kraiouchkine, Nikita"]
[Black "Barber, Glen"]
[Result "1/2-1/2"]
[WhiteElo "1577"]
[BlackElo "2003"]
[PlyCount "104"]
[EventDate "2004.07.10"]
[EventType "swiss"]
[EventRounds "10"]
[EventCountry "CAN"]

1. e4 c5 2. Nf3 d6 3. d4 cxd4 4. Nxd4 Nf6 5. Nc3 Nc6 6. Bg5 e6 7. Qd2 Be7 8.
O-O-O a6 9. Bxf6 gxf6 10. f4 Bd7 11. Nb3 b5 12. g3 Qb6 13. Bg2 O-O-O 14. Kb1
Kb8 15. Rhe1 Rhe8 16. Qe3 Qxe3 17. Rxe3 Bf8 18. Red3 Kc7 19. Ne2 Bc8 20. Rc3
Kb6 21. e5 Bb7 22. Bxc6 Bxc6 23. exf6 e5 24. fxe5 dxe5 25. Rxd8 Rxd8 26. Rd3
Rxd3 27. cxd3 e4 28. dxe4 Bxe4+ 29. Kc1 Bh6+ 30. Kd1 Bg5 31. Nc3 Bf3+ 32. Kc2
Bxf6 33. Nd2 Bc6 34. Nde4 Be7 35. Kd3 f5 36. Nd2 Bf6 37. b3 Kc5 38. a3 b4 39.
axb4+ Kxb4 40. Na2+ Kc5 41. Nc3 h5 42. Kc2 Kd4 43. Nc4 Bg5 44. Nd6 f4 45. Ne2+
Ke3 46. gxf4 Bxf4 47. Nxf4 Kxf4 48. Nc4 Kg5 49. Ne5 Bd5 50. Nd7 Kh4 51. Nf6 Bf3
52. Nxh5 Bxh5 1/2-1/2

[Event "CAN-op"]
[Site "Kapuskasing CAN"]
[Date "2004.07.13"]
[Round "5"]
[White "Kraiouchkine, Nikita"]
[Black "Hervieux, Donald"]
[Result "0-1"]
[WhiteElo "1577"]
[BlackElo "1876"]
[PlyCount "67"]
[EventDate "2004.07.10"]
[EventType "swiss"]
[EventRounds "10"]
[EventCountry "CAN"]

1. e4 d6 2. d4 Nf6 3. Nc3 g6 4. Be3 c6 5. Qd2 b5 6. f3 Nbd7 7. O-O-O Nb6 8. d5
b4 9. Nb1 c5 10. g4 a5 11. g5 Nh5 12. f4 Bg7 13. Bb5+ Bd7 14. Qe2 O-O 15. Nf3
Na4 16. Bxa4 Bxa4 17. e5 Qd7 18. exd6 exd6 19. Qf2 Bb5 20. Nfd2 a4 21. Rhe1 a3
22. bxa3 bxa3 23. Nb3 Bb2+ 24. Kd2 Qf5 25. Qf3 Rfe8 26. Nc3 Bxc3+ 27. Kxc3 Ra4
28. Kd2 Rc4 29. c3 Rce4 30. Kc1 Nxf4 31. Nd2 Nd3+ 32. Kb1 Qxf3 33. Nxf3 Nxe1
34. Ng1 0-1

[Event "CAN-op"]
[Site "Kapuskasing CAN"]
[Date "2004.07.14"]
[Round "6"]
[White "Wang, David"]
[Black "Kraiouchkine, Nikita"]
[Result "1-0"]
[WhiteElo "2112"]
[BlackElo "1599"]
[PlyCount "55"]
[EventDate "2004.07.10"]
[EventType "swiss"]
[EventRounds "10"]
[EventCountry "CAN"]

1. e4 e5 2. Nf3 Nc6 3. Bb5 a6 4. Ba4 Nf6 5. O-O b5 6. Bb3 Bc5 7. a4 Rb8 8. axb5
axb5 9. Nxe5 Nxe5 10. d4 Bxd4 11. Qxd4 d6 12. f4 c5 13. Qc3 Nc6 14. e5 Ne4 15.
Qd3 Bf5 16. Bxf7+ Kxf7 17. Qd5+ Ke7 18. Qxc6 d5 19. Nc3 Nxc3 20. Qxc5+ Kf7 21.
Ra7+ Kg8 22. bxc3 Bxc2 23. f5 Rc8 24. Qxb5 h6 25. Qb7 Qf8 26. Qxd5+ Kh7 27. f6
Rc5 28. Qd7 1-0

[Event "CAN-op"]
[Site "Kapuskasing CAN"]
[Date "2004.07.15"]
[Round "7"]
[White "Nahutin, Yevgeni"]
[Black "Kraiouchkine, Nikita"]
[Result "1/2-1/2"]
[WhiteElo "2047"]
[BlackElo "1577"]
[PlyCount "49"]
[EventDate "2004.07.10"]
[EventType "swiss"]
[EventRounds "10"]
[EventCountry "CAN"]

1. d4 Nf6 2. Nf3 g6 3. c4 Bg7 4. Nc3 d5 5. cxd5 Nxd5 6. e4 Nxc3 7. bxc3 O-O 8.
Be2 c5 9. O-O Nc6 10. Bb2 cxd4 11. cxd4 Bg4 12. e5 Qd7 13. Qa4 Nxe5 14. Bb5 Nc6
15. Ne5 Bxe5 16. dxe5 a6 17. Bxc6 bxc6 18. Rac1 Be2 19. Rfe1 Bb5 20. Qb3 Qd5
21. Qa3 Qe6 22. Qa5 Bc4 23. a3 Bd5 24. Qc3 Rfb8 25. Qd4 1/2-1/2

[Event "CAN-op"]
[Site "Kapuskasing CAN"]
[Date "2004.07.16"]
[Round "8"]
[White "Kraiouchkine, Nikita"]
[Black "Angers, Gilles"]
[Result "1/2-1/2"]
[WhiteElo "1599"]
[BlackElo "2028"]
[PlyCount "46"]
[EventDate "2004.07.10"]
[EventType "swiss"]
[EventRounds "10"]
[EventCountry "CAN"]

1. e4 e6 2. d4 d5 3. exd5 exd5 4. Bd3 Bd6 5. Qf3 Nf6 6. h3 O-O 7. Ne2 Re8 8.
Be3 Nbd7 9. Nd2 c5 10. c3 c4 11. Bc2 Nf8 12. g4 Ng6 13. Bxg6 fxg6 14. O-O-O Qa5
15. Kb1 Bd7 16. Rde1 b5 17. a3 Qb6 18. Bf4 a5 19. Bxd6 Qxd6 20. Qf4 Qa6 21. Ng3
b4 22. Ka2 bxc3 23. bxc3 Rxe1 1/2-1/2

[Event "CAN-op"]
[Site "Kapuskasing CAN"]
[Date "2004.07.17"]
[Round "9"]
[White "Pauric, Ivan"]
[Black "Kraiouchkine, Nikita"]
[Result "1-0"]
[WhiteElo "2081"]
[BlackElo "1599"]
[PlyCount "85"]
[EventDate "2004.07.10"]
[EventType "swiss"]
[EventRounds "10"]
[EventCountry "CAN"]

1. d4 Nf6 2. Nf3 g6 3. h3 Bg7 4. Bf4 O-O 5. c3 d5 6. e3 Nc6 7. Bd3 Nd7 8. e4 e6
9. e5 Ne7 10. O-O c5 11. Nbd2 Nc6 12. Bb5 Qb6 13. Qa4 a6 14. Bxc6 bxc6 15. Nb3
a5 16. dxc5 Nxc5 17. Nxc5 Qxc5 18. Be3 Qb5 19. Qxb5 cxb5 20. Bc5 Re8 21. a3 Bb7
22. b4 a4 23. Rac1 Rac8 24. Rfe1 Bf8 25. Bxf8 Kxf8 26. Nd4 Ba6 27. Re3 Rc4 28.
Rd1 Ke7 29. Rdd3 Rec8 30. Rf3 h6 31. Rde3 R8c7 32. Kf1 Rc8 33. Ke1 R8c7 34. Kd2
Rc8 35. Rf6 R8c7 36. Ref3 Ke8 37. g4 Re7 38. h4 g5 39. h5 Rc8 40. Rxh6 Kd7 41.
Rhf6 Rf8 42. h6 Ke8 43. Rh3 1-0

[Event "CAN-op"]
[Site "Kapuskasing CAN"]
[Date "2004.07.18"]
[Round "10"]
[White "Kraiouchkine, Nikita"]
[Black "Hajiyev, Elshad"]
[Result "0-1"]
[WhiteElo "1599"]
[BlackElo "1978"]
[PlyCount "62"]
[EventDate "2004.07.10"]
[EventType "swiss"]
[EventRounds "10"]
[EventCountry "CAN"]

1. e4 d6 2. d4 g6 3. Nc3 Bg7 4. Be3 c6 5. Qd2 Nf6 6. f3 O-O 7. Bh6 b5 8. g4 a5
9. h4 e5 10. Bxg7 Kxg7 11. h5 Ng8 12. hxg6 fxg6 13. Qh2 h6 14. dxe5 d5 15.
O-O-O Qg5+ 16. Kb1 b4 17. Na4 dxe4 18. Nb6 Ra7 19. Nxc8 Rxc8 20. Be2 Rf8 21.
fxe4 Re7 22. Nh3 Qxe5 23. Qxe5+ Rxe5 24. Bd3 Nd7 25. Rhf1 Ngf6 26. Rf4 g5 27.
Rf5 Nxg4 28. Be2 Rexf5 29. exf5 Nde5 30. Bxg4 Nxg4 31. Rg1 Rxf5 0-1

[Event "CYCC U10"]
[Site "Kapuskasing CAN"]
[Date "2004.07.06"]
[Round "2"]
[White "Gupta, Udit"]
[Black "Kraiouchkine, Nikita"]
[Result "0-1"]
[WhiteElo "1276"]
[BlackElo "1577"]
[PlyCount "60"]
[EventDate "2004.07.06"]
[EventType "swiss"]
[EventRounds "7"]
[EventCountry "CAN"]

1. e4 e5 2. Nf3 Nc6 3. d4 exd4 4. Nxd4 Nf6 5. Nc3 Bb4 6. Qd3 Qe7 7. f3 d5 8.
Nxc6 bxc6 9. Bd2 O-O 10. O-O-O Bxc3 11. Bxc3 dxe4 12. fxe4 Nxe4 13. Qe3 Qg5 14.
Qxg5 Nxg5 15. Bc4 Be6 16. Rd4 c5 17. Rf4 Bxc4 18. Rxc4 Ne6 19. Rg4 Rfd8 20. Re1
g6 21. h4 Rd5 22. Rge4 a6 23. g4 Rad8 24. Re5 R5d6 25. h5 Kf8 26. R5e4 Nd4 27.
h6 f5 28. gxf5 gxf5 29. Rf4 Ne2+ 30. Kb1 Rd1+ 0-1

[Event "CYCC U10"]
[Site "Kapuskasing CAN"]
[Date "2004.07.07"]
[Round "3"]
[White "Kraiouchkine, Nikita"]
[Black "Rozybakiyev, Ilchin"]
[Result "1/2-1/2"]
[WhiteElo "1577"]
[BlackElo "1236"]
[PlyCount "107"]
[EventDate "2004.07.06"]
[EventType "swiss"]
[EventRounds "7"]
[EventCountry "CAN"]

1. d4 Nf6 2. Nc3 g6 3. e4 d6 4. Be3 Bg7 5. Qd2 O-O 6. f3 Re8 7. O-O-O c6 8. g4
b5 9. Nb1 a6 10. h4 h5 11. gxh5 Nxh5 12. Bh3 Bxh3 13. Nxh3 Nd7 14. Rdg1 a5 15.
Bh6 b4 16. Bxg7 Kxg7 17. Qg5 Rh8 18. f4 e6 19. f5 Qxg5+ 20. Rxg5 exf5 21. exf5
Nf8 22. Nd2 d5 23. Re1 Kf6 24. fxg6 Nxg6 25. Rf1+ Kg7 26. Nf3 f6 27. Rg2 Rae8
28. Rfg1 Rh6 29. Re1 Rxe1+ 30. Nxe1 Kf7 31. Nf3 Ng7 32. Rf2 Ke7 33. Rg2 Ne6 34.
Rh2 Nxh4 35. Nf2 Nf5 36. Rxh6 Nxh6 37. c3 bxc3 38. bxc3 Kd7 39. Kb2 Kc7 40. Kb3
c5 41. dxc5 Nxc5+ 42. Kc2 Kb6 43. Nh3 Ne4 44. Nd4 f5 45. Nf4 Nf6 46. Kd3 a4 47.
c4 dxc4+ 48. Kxc4 Ka5 49. Nc6+ Kb6 50. Nd4 Ka5 51. Nc6+ Kb6 52. Nd4 Ka5 53.
Nc6+ Kb6 54. Nd4 1/2-1/2

[Event "CYCC U10"]
[Site "Kapuskasing CAN"]
[Date "2004.07.07"]
[Round "4"]
[White "Kraiouchkine, Nikita"]
[Black "Xiong, Jerry"]
[Result "1-0"]
[WhiteElo "1577"]
[BlackElo "1504"]
[PlyCount "101"]
[EventDate "2004.07.06"]
[EventType "swiss"]
[EventRounds "7"]
[EventCountry "CAN"]

1. e4 c5 2. Nf3 d6 3. d4 cxd4 4. Nxd4 Nf6 5. Nc3 a6 6. Bg5 g6 7. Bxf6 exf6 8.
Qd2 Nc6 9. O-O-O Be6 10. Be2 Qc7 11. Kb1 Rd8 12. h4 Nxd4 13. Qxd4 Bg7 14. g4
O-O 15. Qd3 b5 16. h5 Qc5 17. Qh3 h6 18. f4 g5 19. Qg3 Bc8 20. f5 Bb7 21. Rd2
Rfe8 22. Bf3 Bf8 23. Nd5 Kg7 24. Rhd1 a5 25. Nxf6 Kxf6 26. e5+ Rxe5 27. Bxb7
Rde8 28. Qf2 Qb4 29. Qd4 Qc5 30. c3 Qc7 31. Bf3 Kg7 32. Re2 f6 33. Rxe5 dxe5
34. Qd7+ Re7 35. Qxc7 Rxc7 36. Rd5 b4 37. Rd3 bxc3 38. Rxc3 Rxc3 39. bxc3 Kf7
40. Kc2 Ke7 41. Kb3 Kd6 42. Kc4 Be7 43. Kb5 Bd8 44. c4 a4 45. c5+ Kc7 46. Kxa4
Be7 47. Kb5 Kb8 48. a4 Ka7 49. Kc6 Kb8 50. Kd7 Bxc5 51. Ke6 1-0

[Event "CYCC U10"]
[Site "Kapuskasing CAN"]
[Date "2004.07.08"]
[Round "5"]
[White "Calugar, Arthur"]
[Black "Kraiouchkine, Nikita"]
[Result "1-0"]
[WhiteElo "1729"]
[BlackElo "1577"]
[PlyCount "77"]
[EventDate "2004.07.06"]
[EventType "swiss"]
[EventRounds "7"]
[EventCountry "CAN"]

1. e4 e5 2. Nf3 Nc6 3. Bb5 a6 4. Ba4 Nf6 5. O-O b5 6. Bb3 Bc5 7. c3 d6 8. d4
Bb6 9. a4 Rb8 10. h3 h6 11. Re1 O-O 12. Qd3 Bb7 13. axb5 axb5 14. Nbd2 Re8 15.
d5 Ne7 16. Nf1 Bc8 17. Ng3 Nd7 18. Bc2 Rf8 19. Nh4 Nc5 20. Qf3 Nxd5 21. b4 Nb7
22. Nhf5 Nf6 23. Nh5 Nxh5 24. Qxh5 Qf6 25. g4 Kh7 26. g5 Qg6 27. Qh4 f6 28. Ne7
fxg5 29. Nxg6 gxh4 30. Nxf8+ Kg8 31. Ng6 Bxh3 32. Nxh4 Rf8 33. Be3 g5 34. Nf5
Bxf5 35. exf5 c5 36. Ra6 Bc7 37. Ra7 Rb8 38. Be4 cxb4 39. cxb4 1-0

[Event "CYCC U10"]
[Site "Kapuskasing CAN"]
[Date "2004.07.08"]
[Round "6"]
[White "Kraiouchkine, Nikita"]
[Black "Kieu, Marc-Andre"]
[Result "1-0"]
[WhiteElo "1577"]
[BlackElo "1421"]
[PlyCount "123"]
[EventDate "2004.07.06"]
[EventType "swiss"]
[EventRounds "7"]
[EventCountry "CAN"]

1. e4 e5 2. Nf3 Nc6 3. Bc4 Bc5 4. c3 Nf6 5. d4 exd4 6. cxd4 Bb4+ 7. Bd2 Nxe4 8.
Bxb4 Nxb4 9. Bxf7+ Kxf7 10. Qb3+ d5 11. Ne5+ Ke6 12. Qxb4 Qf8 13. Qxf8 Rxf8 14.
O-O Kd6 15. Nc3 Ng5 16. Nb5+ Ke7 17. Nxc7 Rb8 18. Nxd5+ Kd6 19. Nc3 a6 20. Rad1
Ne6 21. Nc4+ Ke7 22. Rfe1 Kf6 23. d5 Ng5 24. Ne4+ Nxe4 25. Rxe4 Bf5 26. Red4
Rbd8 27. d6 Rfe8 28. Ne3 Re4 29. R4d2 Be6 30. b3 Rd7 31. Rc2 Ke5 32. Rc5+ Kf6
33. Rc7 h5 34. Nd5+ Ke5 35. Rxd7 Bxd7 36. Nb6 Ke6 37. Nc4 Re2 38. a4 b5 39.
axb5 axb5 40. Kf1 Rc2 41. Re1+ Kf6 42. Nb6 Be6 43. Rd1 Rb2 44. d7 Bxd7 45.
Nxd7+ Ke7 46. Nc5 Rc2 47. Rd5 g6 48. Ne4 b4 49. Rb5 Rc1+ 50. Ke2 Rc2+ 51. Ke3
Rc6 52. Rxb4 Re6 53. Kd4 Kd8 54. Rb5 Kc7 55. b4 Kc6 56. Re5 Rxe5 57. Kxe5 Kb5
58. Kf6 Kxb4 59. Kxg6 Kc4 60. f4 Kd4 61. f5 Kxe4 62. f6 1-0

[Event "CYCC U10"]
[Site "Kapuskasing CAN"]
[Date "2004.07.09"]
[Round "7"]
[White "Gusev, Nikita"]
[Black "Kraiouchkine, Nikita"]
[Result "0-1"]
[WhiteElo "1534"]
[BlackElo "1577"]
[PlyCount "152"]
[EventDate "2004.07.06"]
[EventType "swiss"]
[EventRounds "7"]
[EventCountry "CAN"]

1. e4 e5 2. Nf3 Nc6 3. Bb5 a6 4. Ba4 d6 5. O-O Bd7 6. c3 Nge7 7. d4 h6 8. Re1
g5 9. d5 Nb8 10. c4 Bg7 11. Nc3 Ng6 12. Be3 O-O 13. c5 Bxa4 14. Qxa4 dxc5 15.
Bxc5 Re8 16. Rad1 Nd7 17. Be3 g4 18. Nd2 Nf4 19. Bxf4 exf4 20. Nf1 h5 21. g3
Ne5 22. Re2 Nf3+ 23. Kh1 fxg3 24. fxg3 h4 25. a3 hxg3 26. Nxg3 Be5 27. Nf5 Qg5
28. Rg2 Qh5 29. Qc2 Rad8 30. Qf2 Kh8 31. Ne2 Bxh2 32. Rxh2 Qxh2+ 33. Qxh2+ Nxh2
34. Kxh2 Rxe4 35. Neg3 Rc4 36. Rd2 Rc5 37. Ne3 Kg7 38. Ne4 Rb5 39. Nc4 Rbxd5
40. Rxd5 Rxd5 41. Nc3 Rd8 42. Kg3 Rd3+ 43. Kf2 b5 44. Ne5 Rd2+ 45. Ke3 Rxb2 46.
Nxg4 Rb3 47. Kd2 Rxa3 48. Ne5 Kf6 49. Nd3 c6 50. Kc2 a5 51. Kd2 a4 52. Ne4+ Kf5
53. Nc3 Ra1 54. Nc1 b4 55. N3e2 b3 56. Kc3 Rb1 57. Nd4+ Ke4 58. Ndxb3 Rxb3+ 59.
Nxb3 axb3 60. Kxb3 f5 61. Kc3 f4 62. Kd2 Kf3 63. Ke1 Kg2 64. Ke2 f3+ 65. Kd3 f2
66. Kc4 f1=Q+ 67. Kc5 Qc1+ 68. Kd6 c5 69. Kc6 c4 70. Kc5 c3 71. Kc4 c2 72. Kb3
Qd1 73. Ka2 Qb1+ 74. Ka3 c1=Q+ 75. Ka4 Qc4+ 76. Ka5 Qbb4# 0-1

[Event "Quebec-ch qual 2"]
[Site "Montreal CAN"]
[Date "2004.06.04"]
[Round "1"]
[White "Bergeron, Marc"]
[Black "Kraiouchkine, Nikita"]
[Result "1-0"]
[WhiteElo "2018"]
[BlackElo "1658"]
[PlyCount "37"]
[EventDate "2004.06.04"]
[EventType "swiss"]
[EventRounds "5"]
[EventCountry "CAN"]

1. e4 e5 2. Nf3 Nc6 3. Bb5 a6 4. Ba4 Nf6 5. O-O b5 6. Bb3 Bc5 7. c3 d6 8. d4
Bb6 9. a4 Rb8 10. Na3 b4 11. Nc4 bxc3 12. bxc3 Bg4 13. a5 Ba7 14. Ba4 Bd7 15.
dxe5 dxe5 16. Nfxe5 Nxe5 17. Nxe5 Qe7 18. Bxd7+ Nxd7 19. Nc6 1-0

[Event "Marathon de Granby-B"]
[Site "Granby CAN"]
[Date "2004.04.30"]
[Round "1"]
[White "Kraiouchkine, Nikita"]
[Black "Archambault, Joel"]
[Result "1-0"]
[WhiteElo "1574"]
[BlackElo "1155"]
[PlyCount "60"]
[EventDate "2004.04.30"]
[EventType "swiss"]
[EventRounds "7"]
[EventCountry "CAN"]

1. e4 Nc6 2. d4 Nf6 3. Nc3 e6 4. a3 b6 5. Be3 Bd6 6. e5 Nxe5 7. dxe5 Bxe5 8.
Qd2 O-O 9. O-O-O d6 10. f3 Bb7 11. g4 d5 12. Bf4 Bxf4 13. Qxf4 Ne8 14. Nge2 c6
15. b4 Ba6 16. Nd4 Bxf1 17. Nxc6 Qd7 18. Ne5 Qd6 19. Rhxf1 Nc7 20. Nd3 Qxf4+
21. Nxf4 Rad8 22. Nfe2 b5 23. Nd4 a6 24. f4 f5 25. gxf5 exf5 26. Rde1 Rd6 27.
Re7 Na8 28. Ne6 Rf6 29. Rxg7+ Kh8 30. Rfg1 h6 1-0

[Event "Marathon de Granby-B"]
[Site "Granby CAN"]
[Date "2004.05.01"]
[Round "2"]
[White "Gauthier, Martin"]
[Black "Kraiouchkine, Nikita"]
[Result "0-1"]
[WhiteElo "1212"]
[BlackElo "1574"]
[PlyCount "62"]
[EventDate "2004.04.30"]
[EventType "swiss"]
[EventRounds "7"]
[EventCountry "CAN"]

1. e4 e5 2. Nf3 Nc6 3. c3 d5 4. Qa4 f6 5. Bb5 Nge7 6. O-O Be6 7. Re1 a6 8.
Bxc6+ Nxc6 9. d4 dxe4 10. Rxe4 b5 11. Qd1 Qd5 12. Re1 Rd8 13. Be3 Be7 14. a4
O-O 15. axb5 Qxb5 16. b4 Rd7 17. Na3 Qb7 18. Qd3 Nxb4 19. cxb4 e4 20. Qd2 exf3
21. gxf3 Bd5 22. Kg2 g5 23. h3 h5 24. Rh1 g4 25. hxg4 hxg4 26. Qd3 Bxf3+ 27.
Kg1 Be4 28. Qc4+ Qd5 29. Rh4 f5 30. Qxa6 Bxb4 31. Qc4 Qxc4 0-1